المفصل في تاريخ العرب قبل الإسلام / (Record no. 15729)
[ view plain ]
| 000 -الفاتح | |
|---|---|
| حقل البيانات ثابتة الطول | 01064cam a2200289 i 4500 |
| 003 - محدد رقم الضبط | |
| رقم الضبط | EG-ScBUE |
| 005 - وقت وتاريخ اخر تعامل مع التسجيلة | |
| رقم الضبط | 20240205140527.0 |
| 008 - عناصر البيانات ثابتة الطول - معلومات عامة | |
| حقل البيانات ثابتة الطول | 110725s1993 iq f b 00010 cara d |
| 040 ## - مصدر الفهرسة | |
| وكالة الفهرسة الأصلية | EG-ScBUE |
| لغة الفهرسة | ara |
| قواعد الوصف | rda |
| وكالة النسخ | EG-ScBUE |
| وكالة التعديل | EG-ScBUE |
| 082 04 - رقم تصنيف ديوى العشرى | |
| رقم التصنيف | 953.01 |
| رقم المادة | ع ل ي |
| رقم الطبعة | 22 |
| 100 1# - المدخل الرئيسى - إسم شخصى | |
| الإسم الشخصى | علي، جواد، |
| الدور | مؤلف. |
| 9 (RLIN) | 26403 |
| 245 12 - بيان العنوان | |
| العنوان | المفصل في تاريخ العرب قبل الإسلام / |
| بيان المسئوليه,etc | تأليف جواد علي. |
| 250 ## - بيان الطبعة | |
| بيان الطبعة | الطبعة الثانية. |
| 264 #1 - النشر، التوزيع | |
| مكان الناشر او الموزع | بغداد : |
| اسم الناشر او الموزع | جامعة بغداد، |
| تاريخ النشر أو التوزيع | 1993. |
| 300 ## - الوصف المادى | |
| التعداد | 10 مجلد ؛ |
| أبعاد الوعاء | 24 سم |
| 336 ## - نوع المحتوى | |
| source | rdacontent |
| Carrier Type Term | نص |
| Content Type Code | txt |
| 337 ## - نوع الوسيط | |
| Media Type Term | بدون وسيط |
| source | rdamedia |
| Media Type Code | n |
| 338 ## - نوع الحامل أو الناقل | |
| Carrier Type Term | مجلد |
| Carrier Type Code | nc |
| source | rdacarrier |
| 500 ## - تبصرة عامة | |
| تبصرة عامة | كشاف : مج. 10. |
| 504 ## - تبصرة ببليوجرافية | |
| تبصرة ببليوجرافية,الخ | يشتمل على إرجاعات ببليوجرافية. |
| 650 #7 - المدخل الاضافى بالموضوع-مصطلح موضوعى | |
| مصطلح موضوعي أو اسم جغرافي كعنصر مدخل | الجاهلية. |
| مصدر الرأس أو المصطلح | BUEsh |
| 9 (RLIN) | 21735 |
| 650 #7 - المدخل الاضافى بالموضوع-مصطلح موضوعى | |
| مصطلح موضوعي أو اسم جغرافي كعنصر مدخل | القبائل العربية. |
| مصدر الرأس أو المصطلح | BUEsh |
| 651 #7 - المدخل الاضافى بالموضوع - اسم جغرافى | |
| الاسم الجغرافي | شبه الجزيرة العربية |
| التقسيم الفرعي العام | تاريخ. |
| مصدر الرأس أو المصطلح | BUEsh |
| 9 (RLIN) | 21737 |
| 653 ## - مصطلح تكشيفى غير مقيد | |
| Resource For college | Arabic Literature |
| Arrived date list | August2015 |
| 655 ## - مصطلح تكشيفى-نوع/شكل | |
| التقسيم الفرعي الشكلي | Reading book |
| 942 ## - عناصر المدخل الإضافي( كوها) | |
| مصدر التصنيف او مخطط الترفيف | Dewey Decimal Classification |
| حالة التراجع | حالة الفقد | مصدر التصنيف او خطة الترفيف | حالة تلف | ليس للاعارة | مجموعات كوها | المكان الدائم | المكان الحالي | موقع الترفيف | تاريخ الاكتساب | Source of acquisition | رقم الاستدعاء | الباركود | Date last seen | نوع الوعاء | تبصرة عامة | مُعار |
|---|---|---|---|---|---|---|---|---|---|---|---|---|---|---|---|---|
| Dewey Decimal Classification | Alef-Baa | Central Library | Central Library | Second Floor | 25/07/2011 | Purchase | 953.01 ع ل ي | 000024433 | 15/07/2025 | Book - Borrowing | مج. 10. | |||||
| Dewey Decimal Classification | Alef-Baa | Central Library | Central Library | Second Floor | 28/07/2011 | Purchase | 953.01 ع ل ي | 000024475 | 15/07/2025 | Book - Borrowing | مج. 5. | 06/03/2012 | ||||
| Dewey Decimal Classification | Alef-Baa | Central Library | Central Library | Second Floor | 28/07/2011 | Purchase | 953.01 ع ل ي | 000024476 | 15/07/2025 | Book - Borrowing | مج. 1. | |||||
| Dewey Decimal Classification | Alef-Baa | Central Library | Central Library | Second Floor | 28/07/2011 | Purchase | 953.01 ع ل ي | 000024477 | 15/07/2025 | Book - Borrowing | مج. 9. | |||||
| Dewey Decimal Classification | Alef-Baa | Central Library | Central Library | Second Floor | 28/07/2011 | Purchase | 953.01 ع ل ي | 000024478 | 15/07/2025 | Book - Borrowing | مج. 8. | |||||
| Dewey Decimal Classification | Alef-Baa | Central Library | Central Library | Second Floor | 28/07/2011 | Purchase | 953.01 ع ل ي | 000024479 | 15/07/2025 | Book - Borrowing | مج. 6. | |||||
| Dewey Decimal Classification | Alef-Baa | Central Library | Central Library | Second Floor | 28/07/2011 | Purchase | 953.01 ع ل ي | 000024480 | 15/07/2025 | Book - Borrowing | مج. 7. | |||||
| Dewey Decimal Classification | Baccah | Central Library | Central Library | Second Floor | 28/07/2011 | Purchase | 953.01 ع ل ي | 000024481 | 15/07/2025 | Book - Borrowing | مج. 4. | |||||
| Dewey Decimal Classification | Alef-Baa | Central Library | Central Library | Second Floor | 17/08/2011 | Purchase | 953.01 ع ل ي | 000024117 | 15/07/2025 | Book - Borrowing | مج. 3. | 25/02/2013 | ||||
| Dewey Decimal Classification | Alef-Baa | Central Library | Central Library | Second Floor | 17/08/2011 | Purchase | 953.01 ع ل ي | 000024114 | 15/07/2025 | Book - Borrowing | مج. 2. |